Desarrollo intelectual en las Ciencias Naturales

Saved in:
Bibliografiske detaljer
Hovedforfatter: Zilberstein Toruncho, José (Author)
Format: Bog
Sprog:spansk
Udgivet: La Habana Pueblo y Educación 2000
Fag:
Tags: Tilføj Tag
Ingen Tags, Vær først til at tagge denne postø!

MARC

LEADER 00000nam a2200000 a 4500
001 UCK7179
003 CL-VaPUC
008 051111e20000000CU |||||||||||||||||spa|d
020 |a 959130644X 
082 0 4 |a 501.9  |b ZIL  |2 21 
100 0 |a Zilberstein Toruncho, José  |e author  |9 496624 
245 1 0 |a Desarrollo intelectual en las Ciencias Naturales 
300 |a 82 p 
942 |c BK 
945 |d 20051111 00:00:00  |a cmena 
260 |a La Habana  |b Pueblo y Educación  |c 2000 
650 0 |a Ciencias naturales  |9 260542 
650 0 |a Psicología educacional   |9 307830 
650 0 |a Desarrollo mental   |9 313003 
650 0 |a Métodos de enseñanza  |9 270413 
583 |a last modification  |c 20051111 00:00:00  |k Rodrigo Vera 
999 |c 315220  |d 315218 
952 |0 0  |1 0  |4 0  |6 501_900000000000000_ZIL_2000  |7 0  |8 A  |9 388195  |a BIBEDU  |b BIBEDU  |d 2019-11-22  |i 4178653  |o 501.9 ZIL 2000  |p 4178653  |r 2019-11-22  |w 2019-11-22  |y BK  |k EBA